书目信息 |
| 题名: |
双金属钴配合物催化二氧化碳与内消旋环氧烷烃共聚
|
|
| 作者: | 刘野, 著 | |
| 分册: | ||
| 出版信息: | 大连 大连理工大学出版社 2018.07 |
|
| 页数: | 14, 198页 | |
| 开本: | 23cm | |
| 丛书名: | 大连理工大学学术文库 | |
| 单 册: | ||
| 中图分类: | O613.71 | |
| 科图分类: | ||
| 主题词: | 二氧化碳--er yang hua tan--生物降解--研究 | |
| 电子资源: | ||
| ISBN: | 978-7-5685-1598-6 | |
| 000 | 01559nam 2200313 450 | |
| 001 | 202019134162 | |
| 005 | 20191002113833.0 | |
| 010 | @a978-7-5685-1598-6@dCNY45.00 | |
| 100 | @a20190928d2018 em y0chiy50 ea | |
| 101 | 0 | @achi@eeng |
| 102 | @aCN@b210000 | |
| 105 | @aak a 000yy | |
| 106 | @ar | |
| 200 | 1 | @a双金属钴配合物催化二氧化碳与内消旋环氧烷烃共聚@Ashuang jin shu gu pei he wu cui hua er yang hua tan yu nei xiao xuan huan yang wan ting gong ju@d= Dinuclear cobalt-complex-mediated copolymerization CO2 with meso-epoxides@f刘野著@zeng |
| 210 | @a大连@c大连理工大学出版社@d2018.07 | |
| 215 | @a14, 198页@c图@d23cm | |
| 225 | 2 | @a大连理工大学学术文库@Ada lian li gong da xue xue shu wen ku |
| 304 | @a并列题名中“2”为字母“CO”的右下角标 | |
| 306 | @a本书由大连市人民政府资助出版 | |
| 314 | @a刘野, 男, 1984年生。现为大连理工大学精细化工国家重点实验室副教授。 | |
| 320 | @a有书目 (第173-198页) | |
| 330 | @a本书全面系统地阐明了基于联苯的双金属配合物催化的二氧化碳和内消旋环氧烷烃的不对称交替共聚反应, 制备具有结晶性和功能性的全同结构聚碳酸酯, 极大提高了聚合物的热力学稳定性, 并从配合物的晶体结构分析、共聚过程的动力学特征以及聚合反应的理论研究入手, 提出了此共聚过程的机理和立体化学控制的关键因素。 | |
| 410 | 0 | @12001 @a大连理工大学学术文库 |
| 510 | 1 | @aDinuclear cobalt-complex-mediated copolymerization CO2 with meso-epoxides@zeng |
| 606 | 0 | @a二氧化碳@Aer yang hua tan@x生物降解@x研究 |
| 690 | @aO613.71@v5 | |
| 701 | 0 | @a刘野,@Aliu ye@f1984-@4著 |
| 801 | 0 | @aCN@c20190905 |
| 905 | @a河南城建学院图书馆@dO613.71@eL701 | |
| 双金属钴配合物催化二氧化碳与内消旋环氧烷烃共聚= Dinuclear cobalt-complex-mediated copolymerization CO2 with meso-epoxides/刘野著.-大连:大连理工大学出版社,2018.07 |
| 14, 198页:图;23cm.-(大连理工大学学术文库) |
| ISBN 978-7-5685-1598-6:CNY45.00 |
| 本书全面系统地阐明了基于联苯的双金属配合物催化的二氧化碳和内消旋环氧烷烃的不对称交替共聚反应, 制备具有结晶性和功能性的全同结构聚碳酸酯, 极大提高了聚合物的热力学稳定性, 并从配合物的晶体结构分析、共聚过程的动力学特征以及聚合反应的理论研究入手, 提出了此共聚过程的机理和立体化学控制的关键因素。 |
| ● |
| 相关链接 |
|
|
|
正题名:双金属钴配合物催化二氧化碳与内消旋环氧烷
索取号:O613.71/L701
 
预约/预借
| 序号 | 登录号 | 条形码 | 馆藏地/架位号 | 状态 | 备注 |
| 1 | 1441955 | 214419556 | 自科库401/401自科库 62排2列1层/ [索取号:O613.71/L701] | 在馆 | |
| 2 | 1441956 | 214419565 | 自科库401/401自科库 62排2列1层/ [索取号:O613.71/L701] | 在馆 |